000 00363nam a2200145Ia 4500
008 220204s9999 xx 000 0 und d
082 _a576.3:575
_bSWA
100 _aSWANSON, Carl P
245 0 _aCytology and cytogenetics
260 _aBombay
_bMacmillan
_c1968
650 _aChromosomal abberation
650 _aCytology
650 _aPolyploidy
942 _cBK
999 _c21158
_d21158